作詞家・松本隆 オリコン1位楽曲 - Statistics

General Stats
  • This quiz has been taken 13 times
  • The average score is 12 of 48
Answer Stats
曲名 歌手 % Correct
1982 赤いスイートピー 松田聖子
90%
1997 硝子の少年 Kinki Kids
90%
1981 ルビーの指環 寺尾聰
80%
1980 スニーカーぶる~す 近藤真彦
60%
1982 ハイティーン・ブギ 近藤真彦
50%
1998 ジェットコースター・ロマンス Kinki Kids
50%
2001 ボクの背中には羽根がある Kinki Kids
50%
1979 セクシャルバイオレットNO.1 桑名正博
50%
1981 白いパラソル 松田聖子
40%
1981 ハイスクールララバイ イモ欽トリオ
30%
1981 風立ちぬ 松田聖子
30%
1982 渚のバルコニー 松田聖子
30%
1983 探偵物語/すこしだけやさしく 薬師丸ひろ子
30%
1984 時間の国のアリス/夏服のイヴ 松田聖子
30%
1984 ピンクのモーツァルト 松田聖子
30%
1987 水のルージュ 小泉今日子
30%
2003 薄荷キャンディー Kinki Kids
30%
1998 Happy Happy Greeting/シンデレラ・クリスマス Kinki Kids
30%
1984 Rock’n Rouge 松田聖子
30%
1987 Strawberry Time 松田聖子
30%
1984 Woman ”Wの悲劇”より 薬師丸ひろ子
30%
1982 小麦色のマーメイド 松田聖子
20%
1983 天国のキッス 松田聖子
20%
1983 瞳はダイアモンド/蒼いフォトグラフ 松田聖子
20%
1985 魔女 小泉今日子
20%
2009 スワンソング Kinki Kids
20%
1987 ABC 少年隊
20%
1987 Pearl-White Eve 松田聖子
20%
2022 高純度romance Kinki Kids
20%
1983 ガラスの林檎/SWEET MEMORIES 松田聖子
20%
1981 ブルージーンズメモリー 近藤真彦
10%
1982 野ばらのエチュード 松田聖子
10%
1983 ミッドナイト・ステーション 近藤真彦
10%
1983 秘密の花園 松田聖子
10%
1983 ためいきロ・カ・ビ・リー 近藤真彦
10%
1986 青空のかけら 斉藤由貴
10%
1986 バラードのように眠れ 少年隊
10%
1982 $百萬BABY Johnny
10%
1982 ふられてBANZAI 近藤真彦
10%
1984 迷宮のアンドローラ/DUNK 小泉今日子
10%
1986 ないものねだりのI Want You C-C-B
10%
1988 Marrakech~マラケッシュ~ 松田聖子
10%
1987 stripe blue 少年隊
10%
1982 ホレたぜ!乾杯 近藤真彦
0%
1983 ロイヤル・ストレート・フラッシュ 近藤真彦
0%
1984 永遠に秘密さ 近藤真彦
0%
1984 ハートのイアリング 松田聖子
0%
1989 One Night In Heaven~真夜中のエンジェル~ Wink
0%
No matching quizzes found
Score Distribution
Percent of People with Each Score
Percentile by Number Answered
Your Score History
You have not taken this quiz